Probotšiûn šešêliai; (Record no. 18086)
[ view plain ]
| 000 -LEADER | |
|---|---|
| fixed length control field | 00566cam a22001931 4500 |
| 001 - CONTROL NUMBER | |
| control field | ca 36000504 |
| 003 - CONTROL NUMBER IDENTIFIER | |
| control field | DLC |
| 005 - DATE AND TIME OF LATEST TRANSACTION | |
| control field | 20260227111141.0 |
| 008 - FIXED-LENGTH DATA ELEMENTS--GENERAL INFORMATION | |
| fixed length control field | 730502s1908 xx a 000 0 lit |
| 010 ## - LIBRARY OF CONGRESS CONTROL NUMBER | |
| LC control number | ca 36000504 |
| 035 ## - SYSTEM CONTROL NUMBER | |
| System control number | (OCoLC)614782 |
| 040 ## - CATALOGING SOURCE | |
| Original cataloging agency | DLC |
| Transcribing agency | OKentU |
| Modifying agency | DLC |
| 050 00 - LIBRARY OF CONGRESS CALL NUMBER | |
| Classification number | PG8721.S7 |
| Item number | P7 |
| 100 0# - MAIN ENTRY--PERSONAL NAME | |
| Personal name | Vydūnas, |
| Dates associated with a name | 1868-1953. |
| 245 10 - TITLE STATEMENT | |
| Title | Probotšiûn šešêliai; |
| Remainder of title | dramâtiška aidija trijose dâlîse. |
| 260 ## - PUBLICATION, DISTRIBUTION, ETC. | |
| Place of publication, distribution, etc. | Tilžêje, |
| Name of publisher, distributor, etc. | V. Storost, |
| Date of publication, distribution, etc. | 1908. |
| 300 ## - PHYSICAL DESCRIPTION | |
| Extent | 182 p. |
| Other physical details | illus. |
| Dimensions | 23 cm. |
| 500 ## - GENERAL NOTE | |
| General note | Author's pseud., Vidûnas, at head of title. |
No items available.